1305 1473 1667 1673 1908 1311 1927 1401 1636 1660 1664 1611 1657 1363 1653 1439 1624 1656 1651 1632 1308 1941 1549 1774 1474 1753 1133 1515 1916 1190 1805 1526 1541 1719 1511 1749 1293 1053 1031 1026 1261 1644 1142 1185 1037 1628 1003 1269 1336 1735 1338 1667 1174 1473 1547 1712 1278 1202 1514 1480 1762 1393 1261 1309 1652 1445 1529 1621 1832 1909 1593 1185 1976 1293 1776 1040 1882 1303 1097 1741 1657 1738 1297 1889 1452 1507 1417 1918 1080 1881 1985 1394 1355 1008 1308 1201 1935 1150 1297 BCNSPRNW ULIB Ver.6.0+V

เปลี่ยนเป็นภาษาไทย

Change to English
 แสดงรายละเอียดบรรณานุกรม
  กลับหน้าหลัก

Brief Record : Get Marc (ISO 2709) : E-mail record : QR code < ปิดหน้าต่าง
LEADER : 00000nas 2200000uu 4500
001    13399128561
003     ULIB
008    230907s||||||||th 000 0 tha d
022 0  ^a19067925
110 1  ^aวารสารพยาบาลสภากาชาดไทย
245 00 ^aวารสารพยาบาลสภากาชาดไทย/^Cสถาบันการพยาบาลศรีวรินทิรา สภากาชาดไทย
260    ^aกรุงเทพฯ :^bสถาบันการพยาบาลศรีวรินทิรา สภากาชาดไทย,^c2566
310    ^aรายสามเดือน
850 ^a ULIB^bปีที่ 16 ฉบับที่ 1 ฉ.1 ;ปีที่ 16 ฉบับที่ 2 ฉ.1 ;ปีที่ 16 ฉบับที่ 3 ฉ.1 ;ปีที่ 17 ฉบับที่ 1 ฉ.1 ;ปีที่ 17 ฉบับที่ 2 ฉ.1 ;ปีที่ 17 ฉบับที่ 3 ฉ.1 ;ปีที่ 18 ฉบับที่ 2 ฉ.1
850 ^a ULIB:campus^bปีที่ 17 ฉบับที่ 3 ฉ.1
945    ^p0^l0^i906177
945    ^p0^l0^i906257
945    ^p0^l0^i906258
945    ^p0^l0^i906327
945    ^p0^l0^i906344
945    ^p0^l0^i906400
945    ^p0^l0^i802632
945    ^p0^l0^i906456
999    ^aประนอม เกษจรัล
รายการนี้ยังไม่มีแท็ก
คุณยังไม่ได้ล็อกอิน คุณสามารถมีกิจกรรมร่วมกับเว็บไซต์ได้ แต่ต้องล็อกอินก่อน ::
  ล็อกอิน

รายการสื่อสารสนเทศ (วารสาร)

ดูแบบ: กล่อง รายการ
ARRIVED
ปีที่ 16 ฉบับที่ 1 ฉ.1
สถานที่: ห้องสมุดวิทยาเขตสวรรค์ประชารักษ์ >วารสาร
ARRIVED
ปีที่ 16 ฉบับที่ 2 ฉ.1
สถานที่: ห้องสมุดวิทยาเขตสวรรค์ประชารักษ์ >วารสาร
ARRIVED
ปีที่ 16 ฉบับที่ 3 ฉ.1
สถานที่: ห้องสมุดวิทยาเขตสวรรค์ประชารักษ์ >วารสาร
ARRIVED
ปีที่ 17 ฉบับที่ 1 ฉ.1
สถานที่: ห้องสมุดวิทยาเขตสวรรค์ประชารักษ์ >วารสาร
ARRIVED
ปีที่ 17 ฉบับที่ 2 ฉ.1
สถานที่: ห้องสมุดวิทยาเขตสวรรค์ประชารักษ์ >วารสาร
ARRIVED
ปีที่ 17 ฉบับที่ 3 ฉ.1
สถานที่: ห้องสมุดวิทยาเขตสวรรค์ประชารักษ์ >วารสารห้องสมุดวิทยาเขตนครสวรรค์ >วารสาร
ARRIVED
ปีที่ 18 ฉบับที่ 2 ฉ.1
สถานที่: ห้องสมุดวิทยาเขตสวรรค์ประชารักษ์ >วารสาร

BibComment


ยังไม่เคยถูกคอมเมนท์

คอมเมนท์ทรัพยากรรายการนี้
  คอมเมนท์: วารสารพยาบาลสภาก..


 Copyright 2026. Bcnsprnw @Library